000
00333nam a2200133Ia 4500
008
230818s1997 xx 000 0 und d
041
_a
eng
100
_a
Trueloves
245
_a
Training in Practice
260
_b
Black well pub.
_c
1997
300
_a
198p
520
_a
Hard Board | Reference Copy
999
_c
854590
_d
854590
650
_a
Marketing Management